Music Quiz

Random Music or Song Quiz
Score 0/190 Timer 05:00
0 Plays Today
Answer % Correct
and
100%
and
100%
And
100%
a
100%
the
100%
a
100%
the
100%
a
100%
And
100%
a
100%
and
100%
the
100%
the
100%
And
100%
the
100%
the
100%
And
100%
The
100%
the
100%
the
100%
the
100%
And
100%
the
100%
And
100%
the
100%
And
100%
the
100%
It's
98.6%
Christmas
98.6%
Christmas
98.6%
Christmas
98.6%
Christmas
98.6%
it's
98.6%
it's
98.6%
Christmas
98.6%
it's
98.6%
Christmas
98.6%
it's
98.6%
Christmas
98.6%
it's
98.6%
Christmas
98.6%
it's
98.6%
Christmas
98.6%
it's
98.6%
Christmas
98.6%
it's
98.6%
Christmas
98.6%
time,
96.6%
time,
96.6%
time
96.6%
time,
96.6%
time
96.6%
time
96.6%
time
96.6%
time
96.6%
time
96.6%
time
96.6%
be
94.6%
be
94.6%
there
93.9%
there
93.9%
Do
93.9%
At
93.2%
at
93.2%
Answer % Correct
At
93.2%
at
93.2%
of
91.8%
of
91.8%
of
91.8%
of
91.8%
of
91.8%
of
91.8%
you
91.8%
they
91.8%
in
91.2%
in
91.2%
world
91.2%
world
91.2%
world
91.2%
world
91.2%
in
91.2%
world
91.2%
world
91.2%
world;
91.2%
world;
91.2%
world;
91.2%
world;
91.2%
to
90.5%
to
90.5%
no
89.1%
no
89.1%
know
89.1%
know
89.1%
know
89.1%
know
89.1%
know
89.1%
let
87.8%
let
87.8%
let
87.8%
let
87.8%
let
87.8%
there's
86.4%
we
86.4%
we
86.4%
There's
86.4%
your
85%
your
85%
them
83.7%
them
83.7%
them
83.7%
them
83.7%
them
83.7%
our
82.3%
is
82.3%
is
82.3%
Africa
81.6%
all?
81.6%
need
81%
afraid
81%
for
80.3%
this
80.3%
this
80.3%
plenty,
79.6%
But
79.6%
but
79.6%
outside
79.6%
window
79.6%
won't
79.6%
Answer % Correct
snow
77.6%
Feed
77.6%
Feed
77.6%
Feed
77.6%
feed
77.6%
feed
77.6%
feed
77.6%
light
76.2%
Where
76.2%
Where
76.2%
when
75.5%
pray
74.8%
banish
74.1%
say
74.1%
fun
74.1%
God
74.1%
flow
74.1%
you're
73.5%
bells
73.5%
thank
73.5%
ones
72.8%
having
72.8%
fear
72.8%
prayer
72.1%
joy
71.4%
other
71.4%
only
71.4%
around
70.7%
hard,
70.7%
that
70.7%
instead
70.7%
ring
70.1%
Are
70.1%
Well,
70.1%
tonight,
69.4%
arms
67.3%
dread
67.3%
tears
67.3%
they'll
67.3%
year
67.3%
or
67.3%
gift
66.7%
life
66.7%
ever
66.7%
get
66%
water
65.3%
shade
63.9%
flowing
63.9%
bitter
63.9%
can
63.3%
rivers
63.3%
rain
62.6%
spread
61.2%
greatest
60.5%
nothing
59.2%
smile
58.5%
doom
58.5%
Throw
57.1%
grows,
57.1%
sting
56.5%
chimes
55.8%
clanging
47.6%
Remove Ads.
Support Sporcle.
Get the best of Sporcle when you Go Orange. This ad-free experience offers more features, more stats, and more fun while also helping to support Sporcle. Thank you for becoming a member.

You're not logged in!

Compare scores with friends on all Sporcle quizzes.
OR
Log In

Show Comments

Extras

Top Quizzes Today


Score Distribution

Your Account Isn't Verified!

In order to create a playlist on Sporcle, you need to verify the email address you used during registration. Go to your Sporcle Settings to finish the process.

Report this User

Report this user for behavior that violates our Community Guidelines.

Details: